Efficient credit rationing.

Prideľovanie úverov ako lokálna záležitosť s ohľadom na konkurenčný kapitálový trh. Vyrovnávacie kontrakty a obmedzovanie pôžičiek. Model prideľovania úverov na projekty so stredným rizikom. Otázka vládnych intervencií. Bankrot a pridelenie úveru.

Gespeichert in:
Bibliographische Detailangaben
1. Verfasser: Meza, D.de
Weitere Verfasser: Webb, D.C
Format: Buchkapitel
Sprache:Englisch
Schlagworte:
Tags: Tag hinzufügen
Keine Tags, Fügen Sie das erste Tag hinzu!

MARC

LEADER 00000naa a2200000 4500
001 r010954
005 20221130112755.3
041 0 |a eng 
044 |a NL 
245 1 0 |a Efficient credit rationing.  |c D.de Meza, D.C. Webb 
520 |a Prideľovanie úverov ako lokálna záležitosť s ohľadom na konkurenčný kapitálový trh. Vyrovnávacie kontrakty a obmedzovanie pôžičiek. Model prideľovania úverov na projekty so stredným rizikom. Otázka vládnych intervencií. Bankrot a pridelenie úveru. 
610 2 0 |a efektívnosť 
610 2 0 |a úver 
610 2 0 |a trh kapitálový 
610 2 0 |a konkurencia 
610 2 0 |a riziko 
610 2 0 |a intervencionizmus štátny 
610 2 0 |a financovanie 
610 2 0 |a bankrot 
610 2 0 |a modely ekonomické 
610 2 0 |a banky 
100 1 |a Meza, D.de 
700 1 |a Webb, D.C.